Danny, el campeón del mundo / (Record no. 22579)

000 -CABECERA
fixed length control field 00946nam a22002417a 4500
003 - IDENTIFICADOR DEL NÚMERO DE CONTROL
control field AR-CdUCM
008 - DATOS DE LONGITUD FIJA--INFORMACIÓN GENERAL
fixed length control field 190513b ||||| |||| 00| 0 spa d
020 ## - NÚMERO INTERNACIONAL ESTÁNDAR DEL LIBRO
ISBN 9786124349171
040 ## - FUENTE DE LA CATALOGACIÓN
Agencia/entidad que catalogó originalmente la obra MUNICIPALIDAD PROVINCIAL DEL CUSCO
Entidad que transcribió la catalogación BIBLIOTECA MUNICIPAL DEL CUSCO
082 ## - NÚMERO DE LA CLASIFICACIÓN DECIMAL DEWEY
No. de Clasificación ES/828.9929/D16D
Notacion interna D16D
100 ## - ENTRADA PRINCIPAL--NOMBRE DE PERSONA
Nombre Personal Dahl, Roald
245 ## - MENCIÓN DE TÍTULO
Título Danny, el campeón del mundo /
Mención de responsabilidad Roald Dahl ; ilustraciones de Quentin Blake ; traducción de Maribel de Juan
260 ## - PUBLICACIÓN, DISTRIBUCIÓN, ETC.
Lugar de publicación, distribución, etc. Lima :
Nombre de la editorial, distribuidor, etc. Alfaguara,
Fecha de publicación, distribución, etc. 2020.
300 ## - DESCRIPCIÓN FÍSICA
Nº de Páginas Extensión 236 páginas, 2 páginas sin enumerar :
Otros detalles físicos ilustraciones ;
Dimensiones 22 cm.
650 ## - PUNTO DE ACCESO ADICIONAL DE MATERIA--TÉRMINO DE MATERIA
Descriptor Cuentos infantiles galeses
9 (RLIN) 48561
650 ## - PUNTO DE ACCESO ADICIONAL DE MATERIA--TÉRMINO DE MATERIA
Descriptor Siglo XX
9 (RLIN) 48559
700 ## - PUNTO DE ACCESO ADICIONAL--NOMBRE DE PERSONA
Nombre Personal Blake, Quentin
Término de relación ilustrador
9 (RLIN) 30535
700 ## - PUNTO DE ACCESO ADICIONAL--NOMBRE DE PERSONA
Nombre Personal Juan, Maribel de
Término de relación traductor
9 (RLIN) 48562
942 ## - ELEMENTOS DE PUNTO DE ACCESO ADICIONAL (KOHA)
Fuente de clasificación
Tipo de item Libros-BMC
945 ## - PROCESAMIENTO DE INFORMACIÓN LOCAL (OCLC)
Catalogador rac
Holdings
Estado de retiro (separado) Fuente de clasificación o esquema de estanterías Estado dañado Ubicación Sala donde se ubica Nombre de la colección Fecha de adquisición o compra Fuente de adquisición Costo, precio normal en soles Signatura topográfica Código de Barras Última vez visto (Koha) Tipo de ítem (Koha)
No     Sala de Infantes Sala de Infantes Book Cart 2022-10-10 Donación 30.00 ES/828.9929/D16D SI00004843 2022-10-10 Libros-BMC
No     Sala de Infantes Sala de Infantes Book Cart 2022-10-10 Donación 30.00 ES/828.9929/D16D/e.2 SI00004844 2022-10-10 Libros-BMC

Powered by Koha